TEMPORAL BONE DISSECTION GUIDE (Record no. 14896)

MARC details
000 -LEADER
fixed length control field 00270nam a22001217a 4500
003 - CONTROL NUMBER IDENTIFIER
control field SGT
082 ## - DEWEY DECIMAL CLASSIFICATION NUMBER
Classification number 617.471
Item number T11F
100 ## - MAIN ENTRY--PERSONAL NAME
Personal name FRANCIS, HOWARD W.
245 ## - TITLE STATEMENT
Title TEMPORAL BONE DISSECTION GUIDE
260 ## - PUBLICATION, DISTRIBUTION, ETC. (IMPRINT)
Place of publication, distribution, etc NEW YORK
Name of publisher, distributor, etc THIEME
Year of Publication 2006
300 ## - PAGE DESCRIPTION
No. of Pages 260
942 ## - ADDED ENTRY ELEMENTS (KOHA)
Source of classification or shelving scheme Dewey Decimal Classification
Koha item type Books
Holdings
Withdrawn status Lost status Source of classification or shelving scheme Damaged status Not for loan Collection code Home library Current library Shelving location Date acquired Vendor Name SGTU Total Checkouts Full call number Accession No. (Barcode) Date last seen Bill Date Koha item type
    Dewey Decimal Classification     MEDICAL SGT Medical Library SGT Medical Library Text Book 30/01/2018 ABC SGTU   617.471 T11F FM9780 30/01/2018 30/01/2018 Books